| 000 | 02935cam a2200481Ii 4500 | ||
|---|---|---|---|
| 001 | 974037636 | ||
| 003 | OCoLC | ||
| 005 | 20180625200727.0 | ||
| 008 | 170301t20162016mx a j 000 0aspa d | ||
| 020 | _a9786074533774 (pbk.) | ||
| 020 | _a6074533776 (pbk.) | ||
| 035 | _a(OCoLC)974037636 | ||
| 040 |
_aSAP _beng _erda _cSAP _dBDX _dOCLCF _dHE$ |
||
| 041 | 1 |
_aspa _aeng _hger |
|
| 082 | 0 | 4 |
_a940.5318092 _223 |
| 092 |
_aSPA J _a92 _bFRA |
||
| 100 | 1 |
_aFrank, Anne, _d1929-1945, _0http://id.loc.gov/authorities/names/n79125789 _eauthor. |
|
| 240 | 1 | 0 |
_aAchterhuis. _lSpanish _0http://id.loc.gov/authorities/names/no2008103223. |
| 245 | 1 | 3 |
_aEl diario de Ana Frank = _bThe diary of Anne Frank / _cAnne Frank. |
| 246 | 3 | 1 | _aDiary of Anne Frank. |
| 260 |
_aMexico D.F. : _bSelector USA, _cc2016. |
||
| 264 | 1 |
_aMexico D.F. : _bSelector USA, _c[2016] |
|
| 264 | 4 | _cc2016. | |
| 300 |
_a83 pages : _billustrations ; _c23 cm. |
||
| 336 |
_atext _btxt _2rdacontent. |
||
| 337 |
_aunmediated _bn _2rdamedia. |
||
| 338 |
_avolume _bnc _2rdacarrier. |
||
| 500 | _aTranslation of: Achterhuis. | ||
| 520 | _aDesde su encierro en el Anexo secreto, Ana Frank sue©ła con convertirse en escritora. Ella nunca lo supo, pero su famoso diario ha dado la vuelta al mundo, ha sido traducido a varios idiomas y se considera uno de los testimonios m©Łs genuinos del Holocausto. Por desgracia, Ana Frank muri©đ muy joven y su diario qued©đ inconcluso, pero entre sus p©Łginas todav©Ưa permanecen atrapados sus anhelos juveniles de amor, libertad y trascendencia. | ||
| 546 | _aIn Spanish and English. | ||
| 600 | 1 | 0 |
_aFrank, Anne, _d1929-1945 _0http://id.loc.gov/authorities/names/n79125789 _vDiaries. _0http://id.loc.gov/authorities/subjects/sh99001602. |
| 650 | 0 |
_aHolocaust, Jewish (1939-1945) _zNetherlands _zAmsterdam _vPersonal narratives. _0http://id.loc.gov/authorities/subjects/sh2009126463. |
|
| 650 | 0 |
_aJews _xPersecutions _zNetherlands _0http://id.loc.gov/authorities/subjects/sh2009127808 _zAmsterdam. _0http://id.loc.gov/authorities/names/n78095634. |
|
| 650 | 0 |
_aJews _zNetherlands _0http://id.loc.gov/authorities/subjects/sh85070477 _zAmsterdam _0http://id.loc.gov/authorities/names/n78095634 _vDiaries. _0http://id.loc.gov/authorities/subjects/sh99001602. |
|
| 651 | 0 |
_aAmsterdam (Netherlands) _0http://id.loc.gov/authorities/names/n78095634 _xEthnic relations. _0http://id.loc.gov/authorities/subjects/sh00005646. |
|
| 655 | 7 |
_aDiaries. _2fast _0(OCoLC)fst01423794. |
|
| 655 | 7 |
_aPersonal narratives. _2fast _0(OCoLC)fst01423843. |
|
| 655 | 7 |
_aDiaries. _2lcgft _0http://id.loc.gov/authorities/genreForms/gf2014026085. |
|
| 655 | 7 |
_aPersonal narratives. _2lcgft _0http://id.loc.gov/authorities/genreForms/gf2014026142. |
|
| 655 | 7 |
_aAutobiographies. _2lcgft _0http://id.loc.gov/authorities/genreForms/gf2014026047. |
|
| 700 | 1 | 2 |
_aFrank, Anne, _d1929-1945. _tAchterhuis. _lEnglish. _0http://id.loc.gov/authorities/names/n88013780. |
| 942 | _cBK | ||
| 999 |
_c21029 _d21029 |
||